000 01266nam a22002657a 4500
005 20170124103205.0
010 _aB-016991
020 _c90.00
_a8170282500
035 _aB-016991
037 _bCen Lib/Ret
040 _aDPL
_bHN
082 _a954.83
_bवरस
100 _aवरसईकर, विष्णुभट्ट गोडशे
_943621
245 _aआँखों देखा गदर /
_cविष्णुभट्ट गोडशे वरसईकर ; अनुवादक अमृतलाल नगर
246 _aAnkhon dekha ghadar /
_bby Vishnu Bhatt Godshe Varsayikar ; anuvadak Amritlal Nagar
260 _aदिल्ली
_bराजपाल एंड संस
_c2000
270 _bदिल्ली
_aकश्मीरी गेट
_e110006
300 _a117पृ.
_c21सेमी.(सजिल्द)
650 _aगदर का इतिहास
_944048
650 _aगदर -- ग्वालियर और मध्य भारत -- इतिहास
_993469
650 _aThe history of mutiny
_993470
650 _aGadar -- Gwalior and central India -- History
_993471
700 _aनगर, अमृतलाल
_943761
942 _2ddc
_cHN
_h954.83
_mवरस
999 _c120937
_d120937